The Eensy-weensy spider. / (Record no. 113371)
[ view plain ]
| 000 -LEADER | |
|---|---|
| fixed length control field | 00383nam a2200145 a 4500 |
| 001 - CONTROL NUMBER | |
| control field | 4027 |
| 005 - DATE AND TIME OF LATEST TRANSACTION | |
| control field | 20140414132016.0 |
| 008 - FIXED-LENGTH DATA ELEMENTS--GENERAL INFORMATION | |
| fixed length control field | 081118s19uu xx 00 eng d |
| 050 ## - LIBRARY OF CONGRESS CALL NUMBER | |
| Classification number | TR |
| Item number | EE6 2000 |
| 100 ## - MAIN ENTRY--PERSONAL NAME | |
| Personal name | Hoberman, Mary Ann |
| 245 ## - TITLE STATEMENT | |
| Title | The Eensy-weensy spider. / |
| Statement of responsibility, etc | Mary Ann Hoberman. |
| 260 ## - PUBLICATION, DISTRIBUTION, ETC. (IMPRINT) | |
| Date of publication, distribution, etc | 2000. |
| 650 ## - SUBJECT ADDED ENTRY--TOPICAL TERM | |
| Topical term or geographic name as entry element | Spiders (Juvenile literature) |
| General subdivision | Fiction. |
| Withdrawn status | Lost status | Damaged status | Use restrictions | Home library | Current library | Shelving location | Date acquired | Source of acquisition | Cost, normal purchase price | Total Checkouts | Full call number | Barcode | Date last seen | Price effective from | Koha item type |
|---|---|---|---|---|---|---|---|---|---|---|---|---|---|---|---|
| Munich Library | Munich Library | Teachers Reference Section | 11/18/2008 | 185.00 | TR EE6 2000 | M4928 | 04/14/2014 | 04/14/2014 | Books |